संक्षिप्त नामधारी इतिहासः (Record no. 31923)

MARC details
000 -LEADER
fixed length control field 01437nam a22002657a 4500
005 - DATE AND TIME OF LATEST TRANSACTION
control field 20091116111250.0
008 - FIXED-LENGTH DATA ELEMENTS--GENERAL INFORMATION
fixed length control field 091116t xxu||||| |||| 00| 0 hin d
010 ## - LCCN (DPL NO)
LC control number HIN-88605
020 ## - INTERNATIONAL STANDARD BOOK NUMBER
Terms of availability 160.00
International Standard Book Number 9788182991996
035 ## - SYSTEM CONTROL NUMBER
System control number HN-60951
037 ## - SOURCE OF ACQUISITION
Source of stock number/acquisition DBAD / PUB
040 ## - CATALOGING SOURCE
Original cataloging agency DPL
Language of cataloging HN
082 ## - DEWEY DECIMAL CLASSIFICATION NUMBER
Classification number 954.07
100 ## - MAIN ENTRY--PERSONAL NAME
Personal name तारा सिंह अनजान
245 ## - TITLE STATEMENT
Title संक्षिप्त नामधारी इतिहासः
Statement of responsibility, etc तारा सिंह अनजान
Remainder of title (2008 ई. तक) /
246 ## - VARYING FORM OF TITLE
Title proper/short title Sankshipt Namdhari Itihaas:
Remainder of title by Tara Singh Anjaan
260 ## - PUBLICATION, DISTRIBUTION, ETC. (IMPRINT)
Place of publication, distribution, etc दिल्ली
Name of publisher, distributor, etc आरसी पब्लसिशरज
Date of publication, distribution, etc 2009
270 ## - ADDRESS
Address चांदना चौक, (नजदीकी गौरी शंकर मंदिर)
City दिल्ली
Postal code 110006
Telephone number 23280657
300 ## - PHYSICAL DESCRIPTION
Extent 143पृ
Dimensions 22सेमी (सजिल्द)
650 ## - SUBJECT ADDED ENTRY--TOPICAL TERM
Topical term or geographic name as entry element सिक्ख
General subdivision इतिहास
651 ## - SUBJECT ADDED ENTRY--GEOGRAPHIC NAME
Source of heading or term Sikhs
Geographic name History
942 ## - ADDED ENTRY ELEMENTS (KOHA)
Source of classification or shelving scheme Dewey Decimal Classification
Item type Hindi Books
Classification part 954.07
Call number suffix तारासिं
Holdings
Withdrawn status Lost status Source of classification or shelving scheme Damaged status Not for loan Collection code Home library Current library Date acquired Source of acquisition Cost, normal purchase price Total Checkouts Full call number Barcode Date last seen Copy number Cost, replacement price Koha item type
    Dewey Decimal Classification   Not For Loan Non-fiction D.B.Act.Division D.B.Act.Division 18/11/2009 DBAD / PUB 160.00   954.07 तारासिं HN-60951 18/11/2009 1 160.00 Hindi Books

© Delhi Public Library
Hit Counter
free hit counter